| Tag |
First Indicator |
Second Indicator |
Subfields |
| LEADER |
00000cam a2200000 i 4500 |
| 001 |
in00000996421 |
| 005 |
20150927174941.0 |
| 007 |
he am||||b||| |
| 008 |
820113r19791924ncu b 00010 eng d |
| 035 |
|
|
|a (OCoLC)08058699
|
| 035 |
|
|
|9 AEY7197AM
|
| 037 |
|
|
|a CL0086000001
|b University Microfilms International
|
| 037 |
|
|
|b University Microfilms International, 300 N. Zeeb Road, Ann Arbor, MI 48106
|
| 040 |
|
|
|a PHA
|c PHA
|d GLZ
|d m/c
|d UMI
|d TXA
|d UtOrBLW
|
| 043 |
|
|
|a n-us-va
|
| 049 |
|
|
|a TXAI
|
| 099 |
|
|
|a fiche
|a C
|a 13354
|
| 100 |
1 |
|
|a Clemens, William Montgomery,
|d 1860-1931.
|
| 245 |
1 |
0 |
|a Virginia wills before 1799 :
|b [a complete abstract register of all names mentioned in over six hundred recorded wills ... copied from the court house records of Amherst, Bedford, Campbell, Loudoun, Prince William, and Rockbridge Counties /
|c by William Montgomery Clemens].
|
| 264 |
|
1 |
|a Pompton Lakes, N.J. :
|b Biblio Co.,
|c 1924.
|
| 300 |
|
|
|a 107 pages ;
|c 24 cm.
|
| 336 |
|
|
|a text
|b txt
|2 rdacontent
|
| 337 |
|
|
|a microform
|b h
|2 rdamedia
|
| 338 |
|
|
|a microfiche
|b he
|2 rdacarrier
|
| 500 |
|
|
|a "Limited edition."
|
| 533 |
|
|
|a Microfiche.
|b Sanford, N.C. :
|c Microfilming Corp. of America,
|d [1979]
|e 2 microfiches ; 11 x 15 cm.
|f (Genealogy and local history ; LH 264)
|
| 536 |
|
|
|a Acquired through the generosity of Mrs. Mary Marshall.
|
| 500 |
|
|
|a Microform.
|
| 650 |
|
0 |
|a Wills
|z Virginia.
|
| 651 |
|
0 |
|a Amherst County (Va.)
|x Genealogy.
|
| 651 |
|
0 |
|a Bedford County (Va.)
|x Genealogy.
|
| 651 |
|
0 |
|a Campbell County (Va.)
|x Genealogy.
|
| 651 |
|
0 |
|a Loudoun County (Va.)
|v Genealogy.
|
| 651 |
|
0 |
|a Prince William County (Va.)
|x Genealogy.
|
| 651 |
|
0 |
|a Rockbridge County (Va.)
|x Genealogy.
|
| 830 |
|
0 |
|a Genealogy and local history ;
|v LH 264.
|
| 999 |
|
|
|a MARS
|
| 999 |
f |
f |
|s 87078b67-4133-3e62-9ea0-8c3f2c527b83
|i dda6af63-387d-32a0-92d8-8a35c489e2ba
|t 0
|
| 952 |
f |
f |
|p default
|a Texas A&M University
|b College Station
|c Sterling C. Evans Library
|d Evans: Microforms (3rd floor)
|t 0
|e fiche C 13354
|h Other scheme
|i microform -- microfiche
|
| 998 |
f |
f |
|a fiche C 13354
|t 0
|l Evans: Microforms (3rd floor)
|